Las reglas de siempre para la eficacia directiva de hoy.
Concepto de management. Cómo definir, comunicar y comprobar la misión de la empresa. El marketing como herramienta del management. La importancia de saber medir la verdadera rentabilidad. Cómo dirigir al jefe y a uno mismo.
Guardado en:
| Formato: | |
|---|---|
| Materias: | |
| Etiquetas: |
Agregar Etiqueta
Sin Etiquetas, Sea el primero en etiquetar este registro!
|
| LEADER | 00952ngm a22002415g 4500 | ||
|---|---|---|---|
| 001 | CEM.cems021755 | ||
| 008 | 130507b1993##################0###0#####d | ||
| 005 | 20240910092417.0 | ||
| 245 | 0 | 0 | |a Las reglas de siempre para la eficacia directiva de hoy. |
| 300 | |a 44 | ||
| 500 | |a En soporte VHS, consultar en ventanilla. | ||
| 538 | |a Soporte: VHS - Norma: Pal N - Color - Grabación DRD 1993 - Hitachi=4284 | ||
| 520 | |a Concepto de management. Cómo definir, comunicar y comprobar la misión de la empresa. El marketing como herramienta del management. La importancia de saber medir la verdadera rentabilidad. Cómo dirigir al jefe y a uno mismo. | ||
| 082 | 6 | 5 | |/ EMP-2 |
| 653 | |a CONTABILIDAD | ||
| 653 | |a EMPRESAS | ||
| 653 | |a ADMINISTRACION | ||
| 653 | |a MARKETING | ||
| 653 | |a MANAGEMENT | ||
| 653 | |a RENTABILIDAD | ||
| 653 | |a JEFE | ||
| 653 | |a NIVEL SECUNDARIO | ||
| 859 | |a CEMS |b BIB. CEMS - Depto. Recursos Didacticos |h 658 |i EMP-2 |k DRD |p 0398.12 |t Ej.1 | ||
